[Event "Montreal Varennes op"]
[Site "Montreal"]
[Date "2013.11.09"]
[Round "3"]
[White "Gilbert, Erick"]
[Black "Forget, Luc"]
[Result "1-0"]
[WhiteElo "1877"]
[BlackElo "2030"]
[PlyCount "69"]
[EventDate "2013.11.08"]
[EventType "swiss"]
[EventRounds "5"]
[EventCountry "CAN"]
[SourceTitle "EXT 2022"]
[Source "ChessBase"]
[SourceDate "2021.10.06"]
[SourceVersion "1"]
[SourceVersionDate "2021.10.06"]
[SourceQuality "1"]

1. Nf3 d5 2. d4 Nf6 3. Bg5 e6 4. e3 Be7 5. Bd3 Nbd7 6. Nbd2 c5 7. c3 h6 8. Bh4 0-0 9. Rc1 Re8 10. 0-0 Bd6 11. e4 dxe4 12. Nxe4 Bf4 13. Rc2 Qc7 14. Bxf6 gxf6 15. dxc5 f5 16. Nd6 Bxd6 17. cxd6 Qxd6 18. Rd2 Qb6 19. Re1 Nf6 20. Ne5 Kg7 21. Qf3 Rg8 22. Qh3 Qc7 23. Re3 Ne4 24. Bxe4 fxe4 25. Qg4+ Kf8 26. Qxe4 a5 27. Qf4 Ke8 28. Red3 Rg5 29. Qa4+ b5 30. Qxb5+ Kf8 31. Nd7+ Kg7 32. Qb6 Ra7 33. Qxc7 Rxc7 34. h4 Rb5 35. Rg3+ 1-0

[Event "Montreal Varennes op"]
[Site "Montreal"]
[Date "2013.11.08"]
[Round "1"]
[White "Forget, Luc"]
[Black "Chiku Ratte, Olivier Kenta"]
[Result "0-1"]
[WhiteElo "2030"]
[BlackElo "2236"]
[PlyCount "66"]
[EventDate "2013.11.08"]
[EventType "swiss"]
[EventRounds "5"]
[EventCountry "CAN"]
[SourceTitle "EXT 2022"]
[Source "ChessBase"]
[SourceDate "2021.10.06"]
[SourceVersion "1"]
[SourceVersionDate "2021.10.06"]
[SourceQuality "1"]

1. d4 Nf6 2. c4 c5 3. d5 e6 4. Nc3 exd5 5. cxd5 d6 6. Nf3 g6 7. e4 Bg7 8. Be2 0-0 9. 0-0 Re8 10. Nd2 a6 11. a4 Nbd7 12. Nc4 Nxe4 13. Nxe4 Rxe4 14. Nxd6 Rd4 15. Qc2 Nb6 16. Nxc8 Rxc8 17. Bf3 Nxd5 18. Bd2 Qb6 19. Bc3 Nb4 20. Qe2 Rdd8 21. Rad1 Bd4 22. Qc4 Nc6 23. Bxc6 Qxc6 24. Qb3 c4 25. Qc2 Bc5 26. Rxd8+ Rxd8 27. Qe2 Re8 28. Qc2 b5 29. axb5 axb5 30. b4 cxb3 31. Qxb3 b4 32. Be1 Qe6 33. Qb2 Qxe1 0-1

[Event "Quebec op"]
[Site "Montreal"]
[Date "2012.07.27"]
[Round "8"]
[White "Gedajlovic, Max"]
[Black "Forget, Luc"]
[Result "1/2-1/2"]
[WhiteElo "1817"]
[BlackElo "2000"]
[PlyCount "106"]
[EventDate "2012.07.21"]
[EventType "swiss"]
[EventRounds "9"]
[EventCountry "CAN"]
[SourceTitle "EXT 2022"]
[Source "ChessBase"]
[SourceDate "2021.10.06"]
[SourceVersion "1"]
[SourceVersionDate "2021.10.06"]
[SourceQuality "1"]

1. d4 Nf6 2. c4 e6 3. Nc3 Bb4 4. Qc2 c5 5. Nf3 Na6 6. Bg5 h6 7. Bd2 0-0 8. a3 Ba5 9. dxc5 Bxc3 10. Bxc3 Nxc5 11. e3 b6 12. Be2 Bb7 13. 0-0 d6 14. b4 Nce4 15. Rfd1 Nxc3 16. Qxc3 Rc8 17. Qb2 Qe7 18. Rac1 Rfd8 19. Rc2 Ne4 20. Nd2 Nxd2 21. Rcxd2 Qg5 22. g3 Qe7 23. Rd4 e5 24. R4d2 Qe6 25. f3 d5 26. cxd5 Rxd5 27. e4 Rxd2 28. Qxd2 Qb3 29. Rc1 Kh7 30. Rxc8 Bxc8 31. Qd3 Be6 32. Qxb3 Bxb3 33. Kf2 Kg6 34. Ke3 Kf6 35. Kd3 Ke7 36. Kc3 Be6 37. Bc4 Bh3 38. Be2 Kd6 39. Kd3 f5 40. exf5 Bxf5+ 41. Kc4 g5 42. h4 Bc8 43. Bd3 Ba6+ 44. b5 Bc8 45. hxg5 hxg5 46. g4 a5 47. bxa6 Bxa6+ 48. Kc3 Bb7 49. Be2 Kc5 50. Bd1 e4 51. fxe4 Bxe4 52. Be2 Bc6 53. Bd1 Be4 1/2-1/2